Trendy vo vnímaní a šírení mediálneho obsahu

Zmena žurnalistického konceptu. Relevantnosť informácie určuje algoritmus. Personalizované médiá. Generácia Z a nové vnímanie mediálneho obsahu.

Guardado en:
Detalles Bibliográficos
Autor principal: Holetzová, Katarína
Formato: Capítulo de libro
Lenguaje:eslovaco
Materias:
Etiquetas: Agregar Etiqueta
Sin Etiquetas, Sea el primero en etiquetar este registro!

MARC

LEADER 00000nla a2200000 4500
001 0247939
005 20240417075145.9
041 0 |a slo 
044 |a SK 
245 1 0 |a Trendy vo vnímaní a šírení mediálneho obsahu  |c Katarína Holetzová 
520 |a Zmena žurnalistického konceptu. Relevantnosť informácie určuje algoritmus. Personalizované médiá. Generácia Z a nové vnímanie mediálneho obsahu. 
610 2 0 |a komunikácia masmediálna 
610 2 0 |a žurnalistika 
610 2 0 |a technológie komunikačné 
610 2 0 |a technológie informačné 
100 1 |a Holetzová, Katarína